La sfida del trasferimento tecnologico: Le Università italiane si raccontano

L’opera presenta e descrive il fenomeno del trasferimento tecnologico da università a industria attraverso una prospettiva originale, da “insider”, cioè la prospettiva delle università. Il volume racconta, attraverso la penna degli stessi protagonisti, la nascita, la crescita e le esperienze degli U...

Πλήρης περιγραφή

Λεπτομέρειες βιβλιογραφικής εγγραφής
Συγγραφή απο Οργανισμό/Αρχή: SpringerLink (Online service)
Άλλοι συγγραφείς: Bianchi, Mattia (Επιμελητής έκδοσης), Piccaluga, Andrea (Επιμελητής έκδοσης)
Μορφή: Ηλεκτρονική πηγή Ηλ. βιβλίο
Γλώσσα:Italian
Έκδοση: Milano : Springer Milan, 2012.
Σειρά:Sxi — Springer per l’Innovazione / Sxi — Springer for Innovation,
Θέματα:
Διαθέσιμο Online:Full Text via HEAL-Link
LEADER 02859nam a22005055i 4500
001 978-88-470-1977-5
003 DE-He213
005 20151204161035.0
007 cr nn 008mamaa
008 120629s2012 it | s |||| 0|ita d
020 |a 9788847019775  |9 978-88-470-1977-5 
024 7 |a 10.1007/978-88-470-1977-5  |2 doi 
040 |d GrThAP 
050 4 |a HD28-70 
072 7 |a KJMV6  |2 bicssc 
072 7 |a PDG  |2 bicssc 
072 7 |a BUS087000  |2 bisacsh 
082 0 4 |a 658.514  |2 23 
245 1 0 |a La sfida del trasferimento tecnologico: Le Università italiane si raccontano  |h [electronic resource] /  |c edited by Mattia Bianchi, Andrea Piccaluga. 
264 1 |a Milano :  |b Springer Milan,  |c 2012. 
300 |a XVIII, 194 pagg.  |b online resource. 
336 |a text  |b txt  |2 rdacontent 
337 |a computer  |b c  |2 rdamedia 
338 |a online resource  |b cr  |2 rdacarrier 
347 |a text file  |b PDF  |2 rda 
490 1 |a Sxi — Springer per l’Innovazione / Sxi — Springer for Innovation,  |x 2239-2688 
520 |a L’opera presenta e descrive il fenomeno del trasferimento tecnologico da università a industria attraverso una prospettiva originale, da “insider”, cioè la prospettiva delle università. Il volume racconta, attraverso la penna degli stessi protagonisti, la nascita, la crescita e le esperienze degli Uffici di Trasferimento Tecnologico (TTO) delle principali università italiane, facendo emergere l’eterogeneità delle loro ambizioni, dei traguardi raggiunti e delle risorse a loro disposizione per la valorizzazione della ricerca scientifica. L’idea di fondo dell’opera è che i “numeri” danno una visione importante ma solo parziale di quello che è un TTO universitario. Il nostro lavoro a stretto contatto con i professionisti del trasferimento tecnologico ci ha dimostrato che l’attività di tali uffici è ricca di storie significative e ad alto contenuto formativo, dove l’elemento umano, e le modalità con cui esso è gestito, giocano un ruolo centrale nel trasferimento di conoscenza dal mondo della ricerca a quello dell'industria. 
650 0 |a Business. 
650 0 |a Entrepreneurship. 
650 0 |a Management. 
650 0 |a Industrial management. 
650 0 |a Economic policy. 
650 1 4 |a Business and Management. 
650 2 4 |a Innovation/Technology Management. 
650 2 4 |a R & D/Technology Policy. 
650 2 4 |a Entrepreneurship. 
700 1 |a Bianchi, Mattia.  |e editor. 
700 1 |a Piccaluga, Andrea.  |e editor. 
710 2 |a SpringerLink (Online service) 
773 0 |t Springer eBooks 
776 0 8 |i Printed edition:  |z 9788847019768 
830 0 |a Sxi — Springer per l’Innovazione / Sxi — Springer for Innovation,  |x 2239-2688 
856 4 0 |u http://dx.doi.org/10.1007/978-88-470-1977-5  |z Full Text via HEAL-Link 
912 |a ZDB-2-SBE 
950 |a Business and Economics (Springer-11643)